| 000 | 00953nam a2200217 i 4500 | ||
|---|---|---|---|
| 001 | 158068 | ||
| 003 | ES-MaACL | ||
| 005 | 20250907063121.0 | ||
| 008 | 960320m18611863sp ax |||| | spa d | ||
| 040 |
_aGA _bspa _cCCPB | SIC |
||
| 100 | 1 |
_aLópez Seoane, Víctor, _d1834-1900 _9129059 |
|
| 245 | 1 | 0 |
_aFauna mastológica de Galicia ó Historia natural de los mamíferos de este antiguo reino _b: aplicada á la medicina, á la agricultura, á la industria, á las artes y al comercio / _cpor Victor López Seoane. |
| 260 |
_aSantiago de Compostela : _bImprenta de Manuel Mirás, _c1861. |
||
| 300 |
_aXV, 544 p., III h. de lám. ; _c22 cm. |
||
| 596 | _aEn la cub.: 1861-1863. | ||
| 597 | _aLas hojas de lám. : "Lit. J. Osterberger, Santiago" | ||
| 650 | 4 |
_aMamíferos- _zGalicia. _9151228 |
|
| 740 | 0 | _aHistoria natural de los mamíferos de este antiguo reino. | |
| 852 |
_aES-MaACL _jF-7382 _z-- Enc. hol. |
||
| 999 |
_c158068 _d158068 |
||